|
|
|
|
| LEADER |
02748nam a22005175i 4500 |
| 001 |
978-3-319-18893-5 |
| 003 |
DE-He213 |
| 005 |
20151204191307.0 |
| 007 |
cr nn 008mamaa |
| 008 |
150605s2015 gw | s |||| 0|eng d |
| 020 |
|
|
|a 9783319188935
|9 978-3-319-18893-5
|
| 024 |
7 |
|
|a 10.1007/978-3-319-18893-5
|2 doi
|
| 040 |
|
|
|d GrThAP
|
| 050 |
|
4 |
|a QC770-798
|
| 072 |
|
7 |
|a PHP
|2 bicssc
|
| 072 |
|
7 |
|a SCI051000
|2 bisacsh
|
| 082 |
0 |
4 |
|a 539.73
|2 23
|
| 100 |
1 |
|
|a Bortfeldt, Jonathan.
|e author.
|
| 245 |
1 |
4 |
|a The Floating Strip Micromegas Detector
|h [electronic resource] :
|b Versatile Particle Detectors for High-Rate Applications /
|c by Jonathan Bortfeldt.
|
| 264 |
|
1 |
|a Cham :
|b Springer International Publishing :
|b Imprint: Springer,
|c 2015.
|
| 300 |
|
|
|a XV, 256 p. 188 illus., 37 illus. in color.
|b online resource.
|
| 336 |
|
|
|a text
|b txt
|2 rdacontent
|
| 337 |
|
|
|a computer
|b c
|2 rdamedia
|
| 338 |
|
|
|a online resource
|b cr
|2 rdacarrier
|
| 347 |
|
|
|a text file
|b PDF
|2 rda
|
| 490 |
1 |
|
|a Springer Theses, Recognizing Outstanding Ph.D. Research,
|x 2190-5053
|
| 505 |
0 |
|
|a Introduction -- Functional Principle of Micromegas -- Floating Strip Micromegas -- Methods -- Floating Strip Micromegas Characterization Measurements -- Specific Applications of Floating Strip Micromegas -- Performance and Properties of Micromegas -- Summary.
|
| 520 |
|
|
|a This book discusses a novel and high-rate-capable micro pattern gaseous detector of the Micromegas (MICRO-MEsh GAS detector) type. It provides a detailed characterization of the performance of Micromegas detectors on the basis of measurements and simulations, along with an in-depth examination of analysis and reconstruction methods. The accurate and efficient detection of minimum ionizing particles in high-rate background environments is demonstrated. The excellent performance determined here for these lightweight detectors will make possible the live medical imaging of a patient during ion-beam treatment.
|
| 650 |
|
0 |
|a Physics.
|
| 650 |
|
0 |
|a Radiology.
|
| 650 |
|
0 |
|a Particle acceleration.
|
| 650 |
|
0 |
|a Physical measurements.
|
| 650 |
|
0 |
|a Measurement.
|
| 650 |
|
0 |
|a Biomedical engineering.
|
| 650 |
1 |
4 |
|a Physics.
|
| 650 |
2 |
4 |
|a Particle Acceleration and Detection, Beam Physics.
|
| 650 |
2 |
4 |
|a Measurement Science and Instrumentation.
|
| 650 |
2 |
4 |
|a Imaging / Radiology.
|
| 650 |
2 |
4 |
|a Biomedical Engineering.
|
| 710 |
2 |
|
|a SpringerLink (Online service)
|
| 773 |
0 |
|
|t Springer eBooks
|
| 776 |
0 |
8 |
|i Printed edition:
|z 9783319188928
|
| 830 |
|
0 |
|a Springer Theses, Recognizing Outstanding Ph.D. Research,
|x 2190-5053
|
| 856 |
4 |
0 |
|u http://dx.doi.org/10.1007/978-3-319-18893-5
|z Full Text via HEAL-Link
|
| 912 |
|
|
|a ZDB-2-PHA
|
| 950 |
|
|
|a Physics and Astronomy (Springer-11651)
|